Código Civil: concordancias. Historia de la ley. Jurisprudencia. Notas explicativas e índice temático
Gespeichert in:
| Weitere Verfasser: | |
|---|---|
| Format: | Buch |
| Sprache: | Spanisch |
| Veröffentlicht: |
Santiago, Chile:
Legal Publishing,
2012
|
| Schriftenreihe: | Códigos Profesionales 2012
|
| Schlagworte: | |
| Tags: |
Tag hinzufügen
Keine Tags, Fügen Sie den ersten Tag hinzu!
|
MARC
| LEADER | 00000cam a2200000 a 4500 | ||
|---|---|---|---|
| 001 | UCF0550 | ||
| 003 | CL-VaPUC | ||
| 005 | 20250416110211.0 | ||
| 008 | 120531e20120000CL |||||||||||||||||spa|d | ||
| 999 | |c 347804 |d 347802 | ||
| 020 | |a 9789563461626 | ||
| 040 | |c Pontificia Universidad Católica de Valparaíso | ||
| 082 | 0 | 4 | |a 346.83 BAR 2012 |2 21 |
| 100 | 1 | |a Barrientos Grandón, Javier Orlando |e director |9 890741 | |
| 245 | 1 | 0 | |a Código Civil: concordancias. Historia de la ley. Jurisprudencia. Notas explicativas e índice temático |
| 260 | |a Santiago, Chile: |b Legal Publishing, |c 2012 | ||
| 300 | |a 2 tomos | ||
| 490 | 0 | |a Códigos Profesionales 2012 | |
| 505 | |a TOMO 1: -Mensaje del Ejecutivo al Congreso proponiendo la aprobación del Código Civil. -D.F.L. N.º 1, del Ministerio de Justicia. Fija texto refundido, coordinado y sistematizado del Código Civil. -Título preliminar. -Libro Primero. De las personas -Libro Segundo. De los bienes, y de su dominio, posesión, uso y goce. -Libro Tercero. De la sucesión por la causa de muerte, y de las donaciones entre vivos. TOMO II: -Libro Cuarto. De las obligaciones en general y de los contratos Apéndice: -Ley sobre el Efecto Retroactivo de las Leyes. (D.O. de 7 de octubre de 1861) -Ley N.º 19.947. Establece nueva Ley de Matrimonio Civil. (D.O. de 17 de mayo de 2004) -Ley N.º 19.477. Aprueba Ley Orgánica del Servicio de Registro Civil e Identificación. (D.O. de 19 de octubre de 1996) -Ley N.º 4.808, sobre Registro Civil (texto refundido, coordinado y sistematizado por D.F.L. N.º 1 de 2000, D.O. de 30 de mayo de 2000) -Ley N.º 17.344. Autoriza el Cambio de Nombres y Apellidos en los casos que indica. Modifica Ley N.º 4.808, sobre Registro Civil (texto refundido, coordinado y sistematizado por D.F.L. N.º 1, D.O. de 30 de mayo de 2000) -Ley N.º 19.620. Dicta Normas sobre Adopción de Menores. (D.O. de 5 de agosto de 1999) -Ley N.º 16.665, Reconstitución de Inscripciones en Registro de Conservadores de Bienes Raíces. Deroga Ley N.º 15.567 (D.O. de 8 de septiembre de 1967) -Ley N.º 19.537, sobre Copropiedad Inmobiliaria (D.O. de 16 de diciembre de 1997) -Ley N.º 17.336. Propiedad Intelectual (D.O. de 2 de octubre de 1970) -Ley N.º 18.101. Fija Normas Especiales sobre Arrendamiento de Predios Urbanos. (D.O. de 29 de enero de 1982) -Ley N.º 19.281. Establece Normas sobre Arrendamiento de Viviendas con Promesa de Compraventa (D.O. de 27 de diciembre de 1993) -Ley N.º 20.190 (artículo 14). Dicta Normas sobre Prenda sin Desplazamiento y crea el Registro de Prendas sin desplazamiento (D.O. de 5 de junio de 2007) -Ley N.º 18.010. Establece Normas para las Operaciones de Crédito y otras Obligaciones de Dinero que indica. (D.O. de 27 de junio de 1981) -Ley N.º 19.799. Sobre Documentos Electrónicos, Firma Electrónica y Servicios de Certificación de dicha Firma. (D.O. de 12 de abril de 2002) -Ley N.º 19.253. Establece Normas sobre Protección, Fomento y Desarrollo de los Indígenas, y crea la Corporación Nacional de Desarrollo Indígena. (D.O. de 5 de octubre de 1993) | ||
| 583 | |a last modification |c 20130308 09:42:06 |k Rodrigo Vera | ||
| 650 | 0 | |a Código civil chileno |9 255931 | |
| 650 | 0 | |a Derecho civil chileno |9 320612 | |
| 650 | 0 | |a Derecho de familia |z Chile |9 868790 | |
| 650 | 0 | |a Derecho de bienes |z Chile |9 890479 | |
| 650 | 0 | |a Derecho sucesorio |z Chile |9 890480 | |
| 650 | 0 | |a Derecho de las obligaciones |z Chile |9 890482 | |
| 942 | |c BK |2 ddc | ||
| 945 | |d 20120531 00:00:00 |a dcastane | ||
| 952 | |0 0 |1 0 |4 0 |6 346_830000000000000_BAR_2012 |7 0 |8 R |9 449474 |a BIBDER |b BIBDER |d 2019-11-22 |h t.1 |i 4869869 |l 3 |m 2 |o 346.83 BAR 2012 |p 4869869 |r 2024-05-30 |s 2024-05-30 |w 2019-11-22 |y BK_R |k DER | ||
| 952 | |0 0 |1 0 |4 0 |6 346_830000000000000_BAR_2012 |7 0 |8 R |9 449475 |a BIBDER |b BIBDER |d 2019-11-22 |h t.2 |i 4869877 |l 3 |m 2 |o 346.83 BAR 2012 |p 4869877 |r 2024-05-30 |s 2024-05-30 |w 2019-11-22 |y BK_R |k DER | ||